| 000 | 01202nac a22003131u 4500 | ||
|---|---|---|---|
| 010 | _a 2006938893 | ||
| 020 | _a1846283183 (hbk.) | ||
| 020 | _a9781846283185 (hbk.) | ||
| 020 | _a1846283191 (ebk.) | ||
| 020 | _a9781846283192 (ebk.) | ||
| 035 | _a(OCoLC)ocm65767909 | ||
| 082 | 0 | 4 |
_a620.0042 _bPAH |
| 090 |
_c8347 _d8347 |
||
| 100 | _aPahl, G. | ||
| 245 | 0 | 0 |
_aEngineering design :a systematic approach / _ba systematic approach / _cG. Pahl ... [et al.] ; Ken Wallace and LucieÌ(nne Blessing, translators and editors. |
| 250 | _a3rd ed. | ||
| 260 |
_aLondon : _bSpringer,2007. _cc2007. |
||
| 300 |
_axxi, 617 p. : _bill. ; _c24 cm. |
||
| 500 | _aPrevious ed.: 1996. | ||
| 500 | _aDistributer: Al-Ahram | ||
| 504 | _aIncludes bibliographical references (p. [571]-608) and index. | ||
| 511 | _aCatalogued by: Sara | ||
| 650 | 0 | _aEngineering design. | |
| 700 | 1 | _aBlessing, LucieÌ(nne. | |
| 700 | 1 | _aWallace, Ken. | |
| 856 | 4 | 1 |
_3Table of contents only _uhttp://www.loc.gov/catdir/toc/fy0707/2006938893.html |
| 942 |
_cBB _k620.0042PAH |
||
| 999 |
_c8347 _d8347 |
||